[Event "Zurich Jubilee Open 2009"]
[Site "Zuerich SUI"]
[Date "2009.08.10"]
[Round "3.15"]
[White "Kurmann, Oliver"]
[Black "Sandipan, Chanda"]
[Result "1/2-1/2"]
[WhiteElo "2420"]
[BlackElo "2585"]
[PlyCount "160"]
[EventDate "2009.08.09"]
[EventType "swiss"]
[EventRounds "9"]
[EventCountry "SUI"]
[Source "lmi"]
[SourceDate "2009.08.09"]

1. e4 c5 2. Nf3 d6 3. d4 cxd4 4. Nxd4 Nf6 5. Nc3 a6 6. Be3 e6 7. g4 h6 8. Bg2
Nc6 9. h3 Ne5 10. Qe2 g5 11. O-O-O b5 12. Nc6 Qc7 13. Nxe5 dxe5 14. h4 Rg8 15.
hxg5 hxg5 16. f3 Bd7 17. Qf2 Rc8 18. Rd2 Bb4 19. Rd3 Be7 20. Kb1 b4 21. Nd1 Bb5
22. Rd2 Nd7 23. b3 Bc5 24. Bf1 Ke7 25. Nb2 Bxe3 26. Qxe3 Qc5 27. Qxc5+ Nxc5 28.
Nc4 Rh8 29. Rdh2 Rxh2 30. Rxh2 Rd8 31. Kc1 Bxc4 32. Bxc4 a5 33. Kb2 Rd4 34. Bb5
Rd1 35. a3 Rg1 36. axb4 axb4 37. Rf2 Rg3 38. c3 bxc3+ 39. Kc2 Nb7 40. Bd3 Nd6
41. b4 Kd8 42. Kxc3 f5 43. exf5 e4 44. fxe6 exd3 45. Kxd3 Ke7 46. Ke2 Kxe6 47.
f4 Ne4 48. Rf3 Rg2+ 49. Kd3 Nf2+ 50. Kd4 gxf4 51. Rxf4 Nxg4 52. Kc5 Nf6 53. Rh4
Nd7+ 54. Kb5 Kd6 55. Rd4+ Kc7 56. Rd5 Rg8 57. Rh5 Kd6 58. Rh6+ Kd5 59. Rh5+ Ne5
60. Rh6 Nf7 61. Rh5+ Ke6 62. Rh1 Nd6+ 63. Kc6 Rc8+ 64. Kb6 Nc4+ 65. Kb7 Rg8 66.
Rh6+ Kd5 67. Rh5+ Kd4 68. Rh4+ Kc3 69. b5 Rg7+ 70. Kc6 Rg6+ 71. Kc5 Rg5+ 72.
Kc6 Rg8 73. Kc7 Rg6 74. Rxc4+ Kxc4 75. b6 Kc5 76. b7 Rg7+ 77. Kb8 Rg1 78. Kc7
Rg7+ 79. Kb8 Kc6 80. Ka8 Rxb7 1/2-1/2

[Event "Zurich Jubilee Open 2009"]
[Site "Zuerich SUI"]
[Date "2009.08.10"]
[Round "3.16"]
[White "Hou, Yifan"]
[Black "Roy Chowdhury, Saptarshi"]
[Result "1/2-1/2"]
[WhiteElo "2584"]
[BlackElo "2435"]
[PlyCount "71"]
[EventDate "2009.08.09"]
[EventType "swiss"]
[EventRounds "9"]
[EventCountry "SUI"]
[Source "lmi"]
[SourceDate "2009.08.09"]

1. e4 e5 2. Nf3 Nc6 3. Bb5 a6 4. Ba4 Nf6 5. O-O Nxe4 6. d4 b5 7. Bb3 d5 8. dxe5
Be6 9. Nbd2 Nc5 10. c3 Be7 11. Bc2 d4 12. Nb3 d3 13. Nxc5 dxc2 14. Qxd8+ Rxd8
15. Nxe6 fxe6 16. Be3 Rd5 17. Rfc1 Nxe5 18. Nxe5 Rxe5 19. Rxc2 Kf7 20. g3 Rd8
21. a4 Red5 22. Kg2 Bc5 23. Bxc5 Rxc5 24. axb5 axb5 25. Re2 Rcd5 26. Ra7 R8d7
27. Rb7 c6 28. Rb6 R7d6 29. h4 Kf6 30. Re3 h5 31. b3 Rf5 32. Rb8 Kf7 33. Rb7+
Kf6 34. Rb8 Kf7 35. Rb7+ Kf6 36. Rb8 1/2-1/2

[Event "Zurich Jubilee Open 2009"]
[Site "Zuerich SUI"]
[Date "2009.08.10"]
[Round "3.17"]
[White "Geetha Narayanan Gopal"]
[Black "Mihailovs, Jurijs"]
[Result "1-0"]
[WhiteElo "2575"]
[BlackElo "2408"]
[PlyCount "69"]
[EventDate "2009.08.09"]
[EventType "swiss"]
[EventRounds "9"]
[EventCountry "SUI"]
[Source "lmi"]
[SourceDate "2009.08.09"]

1. e4 c5 2. Nf3 e6 3. d4 cxd4 4. Nxd4 a6 5. Nc3 Qc7 6. Bd3 Nf6 7. O-O Bc5 8.
Nb3 Be7 9. f4 d6 10. a4 Bd7 11. Qe2 Bc6 12. Kh1 Nbd7 13. Nd4 Nc5 14. b4 Nxd3
15. cxd3 Bd7 16. Bd2 e5 17. Nc2 O-O 18. Ne3 exf4 19. Rxf4 Be6 20. Raf1 Qd8 21.
Nf5 Bxf5 22. Rxf5 Rc8 23. Qf3 Qd7 24. a5 Qe6 25. Ne2 Nd7 26. Nf4 Ne5 27. Qg3
Qa2 28. Nd5 Bd8 29. Bf4 Qc2 30. Rxe5 dxe5 31. Bh6 g6 32. Qxe5 f6 33. Qe6+ Kh8
34. Bxf8 Qf2 35. Rg1 1-0

[Event "Zurich Jubilee Open 2009"]
[Site "Zuerich SUI"]
[Date "2009.08.10"]
[Round "3.19"]
[White "Mesropov, Konstantin"]
[Black "Hess, Robert L"]
[Result "0-1"]
[WhiteElo "2414"]
[BlackElo "2560"]
[PlyCount "114"]
[EventDate "2009.08.09"]
[EventType "swiss"]
[EventRounds "9"]
[EventCountry "SUI"]
[Source "lmi"]
[SourceDate "2009.08.09"]

1. d4 Nf6 2. Nf3 e6 3. Bg5 h6 4. Bh4 c5 5. c3 b6 6. e3 Bb7 7. Nbd2 Be7 8. a4 a6
9. Qb3 cxd4 10. exd4 Nc6 11. Bd3 g5 12. Bg3 g4 13. Ne5 Na5 14. Qd1 h5 15. b4
Nc6 16. Nec4 d6 17. Bh4 Nd5 18. Ne4 Bxh4 19. Ncxd6+ Kf8 20. Nxb7 Qc7 21. Nbd6
f5 22. O-O fxe4 23. Nxe4 Kg7 24. a5 bxa5 25. bxa5 Rhf8 26. Nc5 Qf7 27. Qa4 Nd8
28. Qc2 Ra7 29. Rae1 Nf4 30. Be4 Be7 31. Nd3 Bd6 32. Nxf4 Qxf4 33. g3 Qg5 34.
c4 Raf7 35. Qc1 Qxc1 36. Rxc1 Bb4 37. Rc2 Rd7 38. d5 exd5 39. cxd5 Rf6 40. Ra1
Nb7 41. h3 Nc5 42. Rb1 Nxe4 43. Rxb4 Ng5 44. hxg4 Nf3+ 45. Kf1 Nh2+ 46. Kg2
Nxg4 47. Rd2 Rf5 48. Rb6 Rfxd5 49. Rxd5 Rxd5 50. Rxa6 Rd2 51. Kh3 Rxf2 52. Kh4
Rf5 53. Ra8 Nf6 54. Kh3 Rf2 55. Rb8 Ra2 56. Rb5 Kg6 57. Rc5 Ne4 0-1

[Event "Zurich Jubilee Open 2009"]
[Site "Zuerich SUI"]
[Date "2009.08.10"]
[Round "3.20"]
[White "Lopez Martinez, Josep Manuel"]
[Black "Adamantidis, Panagiotis"]
[Result "1-0"]
[WhiteElo "2555"]
[BlackElo "2129"]
[PlyCount "67"]
[EventDate "2009.08.09"]
[EventType "swiss"]
[EventRounds "9"]
[EventCountry "SUI"]
[Source "lmi"]
[SourceDate "2009.08.09"]

1. e4 c5 2. Nf3 d6 3. d4 cxd4 4. Nxd4 Nf6 5. Nc3 g6 6. Be3 Bg7 7. f3 Nc6 8. Qd2
O-O 9. Bc4 Bd7 10. O-O-O Ne5 11. Bb3 Qa5 12. h4 h5 13. Kb1 Rfc8 14. Bg5 b5 15.
Bxf6 Bxf6 16. Nd5 Qxd2 17. Nxf6+ exf6 18. Rxd2 Kf8 19. Ne2 Ke7 20. Rhd1 f5 21.
Rxd6 fxe4 22. f4 Bg4 23. fxe5 Bxe2 24. Rd7+ Ke8 25. Bxf7+ Kf8 26. Re1 Bg4 27.
Rb7 Bf5 28. Rf1 e3 29. Bxg6 e2 30. Rxf5+ Kg8 31. Bf7+ Kh8 32. Rxh5+ Kg7 33.
Bc4+ Kg6 34. Bxe2 1-0

[Event "Zurich Jubilee Open 2009"]
[Site "Zuerich SUI"]
[Date "2009.08.10"]
[Round "3.21"]
[White "Hess, Christian"]
[Black "Bosiocic, Marin"]
[Result "0-1"]
[WhiteElo "2257"]
[BlackElo "2551"]
[PlyCount "148"]
[EventDate "2009.08.09"]
[EventType "swiss"]
[EventRounds "9"]
[EventCountry "SUI"]
[Source "lmi"]
[SourceDate "2009.08.09"]

1. Nf3 g6 2. e4 Bg7 3. d4 d6 4. Nc3 Nf6 5. Be3 O-O 6. Qd2 a6 7. Bh6 b5 8. Bd3
Bb7 9. h4 Bxh6 10. Qxh6 Ng4 11. Qd2 h5 12. Ng5 Nd7 13. f3 Ngf6 14. g4 c5 15.
gxh5 cxd4 16. Ne2 Nxh5 17. O-O-O e5 18. Rdg1 Qf6 19. Ng3 Nxg3 20. Rxg3 Qf4 21.
Qxf4 exf4 22. Rg4 Ne5 23. Rxf4 Rac8 24. Kd2 Rc5 25. Rf6 d5 26. exd5 Rxd5 27.
Re1 Kg7 28. Rb6 Bc8 29. f4 Nc4+ 30. Bxc4 bxc4 31. Rc6 Rf5 32. Rxc4 Rxf4 33. Re4
Rf2+ 34. Re2 Rf4 35. Re4 Rxe4 36. Nxe4 Rd8 37. Kd3 Bf5 38. Rxd4 Rh8 39. Ke3
Rxh4 40. Nc5 Rh3+ 41. Kf4 Rh2 42. Nxa6 Rxc2 43. Rb4 Kf6 44. Rb6+ Be6 45. a4
Rc4+ 46. Ke3 Rxa4 47. Nc5 Ra7 48. b4 Re7 49. b5 Ke5 50. Nd3+ Kd5 51. Nf2 Kc5
52. Rb8 Bd7+ 53. Kf4 Bxb5 54. Ne4+ Kc6 55. Rd8 Kc7 56. Rd2 Re6 57. Rd4 Bc6 58.
Ng5 Rf6+ 59. Kg4 Bd7+ 60. Kg3 Rf5 61. Nf3 Kd8 62. Rf4 Ke7 63. Rxf5 Bxf5 64. Kf4
f6 65. Nd4 Bd7 66. Nf3 Kf7 67. Nd4 g5+ 68. Kg3 f5 69. Ne2 Kf6 70. Kf3 Ke5 71.
Nc1 f4 72. Nd3+ Kf5 73. Ne1 Bc6+ 74. Kf2 Be4 0-1

[Event "Zurich Jubilee Open 2009"]
[Site "Zuerich SUI"]
[Date "2009.08.10"]
[Round "3.22"]
[White "Das, Arghyadip"]
[Black "Fridman, Daniel"]
[Result "0-1"]
[WhiteElo "2392"]
[BlackElo "2665"]
[PlyCount "72"]
[EventDate "2009.08.09"]
[EventType "swiss"]
[EventRounds "9"]
[EventCountry "SUI"]
[Source "lmi"]
[SourceDate "2009.08.09"]

1. e4 c6 2. c4 d5 3. cxd5 cxd5 4. exd5 Nf6 5. Qa4+ Nbd7 6. Nc3 g6 7. Nf3 Bg7 8.
Bc4 O-O 9. d3 a6 10. Qa3 b6 11. O-O Bb7 12. Re1 Re8 13. Ng5 h6 14. Nge4 Ne5 15.
Bf4 Nxd5 16. Bxd5 Bxd5 17. Nxd5 Qxd5 18. Nc3 Qd6 19. Qb3 Nf3+ 20. gxf3 Qxf4 21.
Qd5 Rad8 22. Qe4 Qd2 23. Re2 Qxd3 24. Rd1 Qxe4 25. fxe4 Bxc3 26. Rxd8 Rxd8 27.
bxc3 Rd1+ 28. Kg2 Rc1 29. Rb2 Rxc3 30. Rxb6 Ra3 31. Rb2 g5 32. f3 Kg7 33. Kg3
h5 34. h3 h4+ 35. Kg4 Kg6 36. Rb8 f6 0-1

[Event "Zurich Jubilee Open 2009"]
[Site "Zuerich SUI"]
[Date "2009.08.10"]
[Round "3.23"]
[White "Scalcione, Michelangelo"]
[Black "Gharamian, Tigran"]
[Result "0-1"]
[WhiteElo "2389"]
[BlackElo "2615"]
[PlyCount "74"]
[EventDate "2009.08.09"]
[EventType "swiss"]
[EventRounds "9"]
[EventCountry "SUI"]
[Source "lmi"]
[SourceDate "2009.08.09"]

1. Nf3 c5 2. b3 Nf6 3. Bb2 e6 4. e3 Be7 5. Be2 b6 6. O-O Bb7 7. d3 O-O 8. Nbd2
d5 9. Ne5 Nfd7 10. Ndf3 Nxe5 11. Nxe5 f6 12. Nf3 e5 13. Nd2 Nc6 14. e4 Nd4 15.
Bg4 Qd6 16. c3 Ne6 17. c4 dxe4 18. Bxe6+ Qxe6 19. dxe4 Rad8 20. Qe2 Rd6 21.
Rae1 Rfd8 22. Nb1 Rd3 23. f3 b5 24. cxb5 c4 25. Rd1 Qd7 26. Nc3 Bb4 27. Nd5
Bxd5 28. exd5 Qxd5 29. bxc4 Qc5+ 30. Kh1 Rd2 31. Rxd2 Rxd2 32. Qe4 Qf2 33. Qa8+
Kf7 34. Qb7+ Kg6 35. Qe4+ Kh6 36. Rg1 Bc5 37. Qe1 Qxe1 0-1

[Event "Zurich Jubilee Open 2009"]
[Site "Zuerich SUI"]
[Date "2009.08.10"]
[Round "3.24"]
[White "Bauer, Christian"]
[Black "Tereick, Benjamin"]
[Result "1-0"]
[WhiteElo "2602"]
[BlackElo "2378"]
[PlyCount "165"]
[EventDate "2009.08.09"]
[EventType "swiss"]
[EventRounds "9"]
[EventCountry "SUI"]
[Source "lmi"]
[SourceDate "2009.08.09"]

1. e4 e6 2. d4 d5 3. Nd2 c5 4. Ngf3 Nc6 5. exd5 exd5 6. Bb5 Qe7+ 7. Be2 Qc7 8.
O-O Nf6 9. Re1 Be6 10. Bb5 Bd6 11. dxc5 Bxc5 12. Nb3 Bb6 13. Be3 O-O 14. h3
Rfe8 15. c3 Ne4 16. Nfd4 Rad8 17. a4 Bd7 18. Bf1 a6 19. Qc1 Ba7 20. Bf4 Qc8 21.
Qd1 Ne7 22. Be3 Bb8 23. a5 Ng6 24. Nf3 Bc6 25. Nbd4 Rd6 26. g3 Bd7 27. h4 Bg4
28. Qa4 Rdd8 29. Bg2 Bh3 30. Bh1 Qc7 31. Ne2 Qe7 32. Rad1 Bd7 33. Qc2 Bb5 34.
Ned4 Bd7 35. Bg2 Bc7 36. Qb3 Bc8 37. Qa2 Qf6 38. Bg5 Nxg5 39. Nxg5 h6 40. Ngf3
Re4 41. Nd2 Rxe1+ 42. Rxe1 Ne7 43. Nf1 Be5 44. Rd1 Bg4 45. Rd2 Nc6 46. Ne3 Bxd4
47. Nxg4 Qe6 48. Nh2 Qe1+ 49. Nf1 Ba7 50. Bxd5 Rd6 51. b4 Rf6 52. Re2 Qxc3 53.
Bxf7+ Kh7 54. Qb1+ g6 55. Bxg6+ Kg7 56. Qd3 Qxd3 57. Bxd3 Nxb4 58. Be4 Re6 59.
Nd2 Nc6 60. Nb3 Re5 61. Kf1 Nxa5 62. Nxa5 Rxa5 63. Bxb7 Ra1+ 64. Kg2 a5 65. Bd5
Bc5 66. f4 Rd1 67. Re5 Rd2+ 68. Kh3 Bf2 69. Bf3 a4 70. Ra5 Ra2 71. h5 Ra3 72.
Kg4 Be1 73. Ra7+ Kh8 74. Ra6 Kg7 75. Rg6+ Kh7 76. Re6 Bf2 77. Re2 Bc5 78. Rc2
Bf8 79. Rc7+ Bg7 80. Be4+ Kg8 81. Bd5+ Kh7 82. Ra7 Kh8 83. Ra8+ 1-0

[Event "Zurich Jubilee Open 2009"]
[Site "Zuerich SUI"]
[Date "2009.08.11"]
[Round "4.3"]
[White "Golod, Vitali"]
[Black "Roiz, Michael"]
[Result "1/2-1/2"]
[WhiteElo "2599"]
[BlackElo "2658"]
[PlyCount "47"]
[EventDate "2009.08.09"]
[EventType "swiss"]
[EventRounds "9"]
[EventCountry "SUI"]
[Source "lmi"]
[SourceDate "2009.08.09"]

1. e4 c6 2. d4 d5 3. Nd2 dxe4 4. Nxe4 Bf5 5. Ng3 Bg6 6. Nf3 Nd7 7. h4 h6 8. h5
Bh7 9. Bd3 Bxd3 10. Qxd3 e6 11. Bf4 Qa5+ 12. Bd2 Bb4 13. c3 Be7 14. c4 Qc7 15.
d5 cxd5 16. cxd5 Qd6 17. Qb5 Ngf6 18. dxe6 Qxe6+ 19. Kf1 O-O 20. Re1 Qd5 21.
Qxd5 Nxd5 22. Nf5 Bf6 23. N3d4 Rfe8 24. Rh3 1/2-1/2

[Event "Zurich Jubilee Open 2009"]
[Site "Zuerich SUI"]
[Date "2009.08.11"]
[Round "4.4"]
[White "Fedorchuk, Sergey A"]
[Black "Lopez Martinez, Josep Manuel"]
[Result "1/2-1/2"]
[WhiteElo "2655"]
[BlackElo "2555"]
[PlyCount "59"]
[EventDate "2009.08.09"]
[EventType "swiss"]
[EventRounds "9"]
[EventCountry "SUI"]
[Source "lmi"]
[SourceDate "2009.08.09"]

1. e4 c6 2. d4 d5 3. Nd2 dxe4 4. Nxe4 Bf5 5. Ng3 Bg6 6. h4 h6 7. Nf3 Nd7 8. h5
Bh7 9. Bd3 Bxd3 10. Qxd3 e6 11. Bd2 Ngf6 12. O-O-O Be7 13. Rhe1 O-O 14. Qe2 Re8
15. Ne5 Qb6 16. f4 Rad8 17. f5 Bd6 18. Qf3 Qc7 19. Nxd7 Qxd7 20. fxe6 Rxe6 21.
Nf5 Bf8 22. Re5 Ne8 23. Qg4 Kh7 24. Rde1 Rxe5 25. Rxe5 Nd6 26. c3 g6 27. Ne3
Bg7 28. hxg6+ fxg6 29. Qxd7 Rxd7 30. Re6 1/2-1/2

[Event "Zurich Jubilee Open 2009"]
[Site "Zuerich SUI"]
[Date "2009.08.11"]
[Round "4.6"]
[White "Bosiocic, Marin"]
[Black "Kuzubov, Yuriy"]
[Result "1/2-1/2"]
[WhiteElo "2551"]
[BlackElo "2635"]
[PlyCount "149"]
[EventDate "2009.08.09"]
[EventType "swiss"]
[EventRounds "9"]
[EventCountry "SUI"]
[Source "lmi"]
[SourceDate "2009.08.09"]

1. d4 Nf6 2. c4 e6 3. g3 d5 4. Bg2 c5 5. cxd5 exd5 6. Nf3 Nc6 7. O-O Be7 8. Nc3
O-O 9. Bg5 cxd4 10. Nxd4 h6 11. Be3 Re8 12. Rc1 Bf8 13. Nxc6 bxc6 14. Bd4 Bg4
15. Re1 Nd7 16. Qa4 Re6 17. Bxg7 Bxg7 18. Qxg4 Qa5 19. e3 Rb8 20. Re2 Rb4 21.
Qf5 Rc4 22. Rec2 Bxc3 23. bxc3 Ne5 24. Qh5 Kg7 25. Qe2 Qc5 26. Qd1 Qe7 27. Rd2
Qa3 28. Qc2 Ra4 29. Rb1 Nc4 30. Re2 Ra5 31. Rb3 Qe7 32. Qd3 Qf6 33. Qd4 Nb6 34.
Rc2 Ra4 35. Rb4 Qxd4 36. Rxd4 Ra3 37. Bf1 c5 38. Rg4+ Kf6 39. c4 Re4 40. h3
Rxg4 41. hxg4 dxc4 42. Bxc4 Nxc4 43. Rxc4 Rxa2 44. Rxc5 Ra4 45. Kg2 Rxg4 46.
Ra5 Rb4 47. Rxa7 Kg6 48. Ra6+ f6 49. Kf3 Rb2 50. Ra5 h5 51. e4 Rb3+ 52. Kf4 Rb2
53. f3 Rb4 54. Ra6 Rc4 55. Rd6 Ra4 56. Ke3 Ra3+ 57. Rd3 Ra4 58. f4 Ra5 59. Kf3
Ra7 60. Kg2 Ra2+ 61. Kf3 Ra4 62. Rd7 Ra3+ 63. Kg2 h4 64. f5+ Kh6 65. gxh4 Kh5
66. Rd6 Kg4 67. Rxf6 Ra2+ 68. Kg1 Kf3 69. Rg6 Kxe4 70. f6 Ra8 71. Kg2 Kf5 72.
h5 Rf8 73. Kh3 Rxf6 74. Rg1 Ra6 75. Rg3 1/2-1/2

[Event "Zurich Jubilee Open 2009"]
[Site "Zuerich SUI"]
[Date "2009.08.11"]
[Round "4.7"]
[White "Pavlovic, Milos"]
[Black "Miroshnichenko, Evgenij"]
[Result "1-0"]
[WhiteElo "2535"]
[BlackElo "2696"]
[PlyCount "65"]
[EventDate "2009.08.09"]
[EventType "swiss"]
[EventRounds "9"]
[EventCountry "SUI"]
[Source "lmi"]
[SourceDate "2009.08.09"]

1. e4 e5 2. Nf3 Nc6 3. Bb5 Nf6 4. Bxc6 dxc6 5. d3 Nd7 6. Nbd2 g6 7. Nc4 Bg7 8.
Bg5 f6 9. Be3 c5 10. O-O b6 11. a3 a5 12. Qd2 O-O 13. b4 Qe7 14. bxa5 b5 15.
Nb2 f5 16. Bg5 Qe6 17. Bh6 f4 18. Bxg7 Kxg7 19. a4 b4 20. c3 b3 21. Rfb1 g5 22.
Nc4 Qe7 23. d4 exd4 24. cxd4 g4 25. Nfe5 Nxe5 26. Nxe5 Qd6 27. Rxb3 Be6 28. Rb7
Rad8 29. Qc1 cxd4 30. Rxc7+ Kg8 31. Nd3 Rf7 32. Rc6 Qe7 33. Nxf4 1-0

[Event "Zurich Jubilee Open 2009"]
[Site "Zuerich SUI"]
[Date "2009.08.11"]
[Round "4.10"]
[White "Fridman, Daniel"]
[Black "Alsina Leal, Daniel"]
[Result "1-0"]
[WhiteElo "2665"]
[BlackElo "2529"]
[PlyCount "91"]
[EventDate "2009.08.09"]
[EventType "swiss"]
[EventRounds "9"]
[EventCountry "SUI"]
[Source "lmi"]
[SourceDate "2009.08.09"]

1. Nf3 d5 2. d4 Nf6 3. c4 c6 4. Qb3 dxc4 5. Qxc4 Bf5 6. g3 e6 7. Bg2 Nbd7 8.
O-O Be7 9. Nc3 O-O 10. Re1 Ne4 11. Qb3 Qb6 12. Nh4 Bb4 13. Nxf5 exf5 14. Bxe4
fxe4 15. Be3 Nf6 16. d5 Bc5 17. Qxb6 Bxb6 18. dxc6 Bxe3 19. fxe3 bxc6 20. h3
Rfd8 21. Red1 Kf8 22. Kf2 Ke7 23. Rd4 Rxd4 24. exd4 Kd6 25. Ke3 Re8 26. Rc1 h5
27. Rf1 Re7 28. Rf5 h4 29. gxh4 Nd5+ 30. Nxd5 cxd5 31. h5 a5 32. h6 gxh6 33.
Rf6+ Kc7 34. Ra6 Re8 35. Rxa5 Kd6 36. Ra6+ Ke7 37. Kd2 f5 38. Ke3 Rg8 39. Rxh6
Rb8 40. b3 Ra8 41. a4 Rb8 42. a5 Rxb3+ 43. Kf4 Rb2 44. a6 Rxe2 45. a7 Ra2 46.
Rh8 1-0

[Event "Zurich Jubilee Open 2009"]
[Site "Zuerich SUI"]
[Date "2009.08.11"]
[Round "4.11"]
[White "Meier, Georg"]
[Black "Bromberger, Stefan"]
[Result "1-0"]
[WhiteElo "2658"]
[BlackElo "2510"]
[PlyCount "59"]
[EventDate "2009.08.09"]
[EventType "swiss"]
[EventRounds "9"]
[EventCountry "SUI"]
[Source "lmi"]
[SourceDate "2009.08.09"]

1. d4 Nf6 2. c4 g6 3. Nc3 Bg7 4. e4 d6 5. Nf3 O-O 6. Be2 e5 7. O-O Nc6 8. d5
Ne7 9. Ne1 Nd7 10. Nd3 f5 11. Bd2 Nf6 12. f3 f4 13. c5 g5 14. Rc1 Ng6 15. Nb5
Rf7 16. Ba5 b6 17. cxd6 cxd6 18. Be1 a6 19. Nc3 h5 20. Nb4 g4 21. Na4 Rb7 22.
Bxa6 Rxa6 23. Nxa6 b5 24. Ba5 Qxa5 25. Rxc8+ Kh7 26. N4c5 Ra7 27. Qe1 Qxa2 28.
Nb4 Qc4 29. b3 Qd4+ 30. Kh1 1-0

[Event "Zurich Jubilee Open 2009"]
[Site "Zuerich SUI"]
[Date "2009.08.11"]
[Round "4.12"]
[White "Avrukh, Boris"]
[Black "Kurmann, Oliver"]
[Result "1-0"]
[WhiteElo "2641"]
[BlackElo "2420"]
[PlyCount "89"]
[EventDate "2009.08.09"]
[EventType "swiss"]
[EventRounds "9"]
[EventCountry "SUI"]
[Source "lmi"]
[SourceDate "2009.08.09"]

1. d4 Nf6 2. c4 e6 3. Nf3 c5 4. d5 exd5 5. cxd5 d6 6. Nc3 g6 7. Bf4 a6 8. a4
Bg7 9. h3 O-O 10. e3 Qe7 11. Be2 Nbd7 12. O-O Rb8 13. Ra3 Ne8 14. Rb3 Nc7 15.
Nd2 Ne5 16. Bg3 b6 17. Re1 f5 18. f4 Nf7 19. Bf1 Qd7 20. e4 fxe4 21. Ndxe4 b5
22. Bh4 Nh6 23. g4 Kh8 24. Ng5 Re8 25. Rxe8+ Qxe8 26. Nce4 Bd4+ 27. Bf2 Bxf2+
28. Kxf2 Qf8 29. Qd2 Bd7 30. axb5 axb5 31. Ra3 Nf7 32. Nxf7+ Qxf7 33. Ra7 Ne8
34. Kg3 Qe7 35. Bg2 Qd8 36. Ng5 Kg8 37. Ne6 Qc8 38. f5 Rb7 39. Rxb7 Qxb7 40.
fxg6 hxg6 41. Qh6 Bxe6 42. Qxg6+ Ng7 43. dxe6 d5 44. Qg5 Qc7+ 45. Kh4 1-0

[Event "Zurich Jubilee Open 2009"]
[Site "Zuerich SUI"]
[Date "2009.08.11"]
[Round "4.13"]
[White "Gharamian, Tigran"]
[Black "Recuero Guerra, David"]
[Result "1/2-1/2"]
[WhiteElo "2615"]
[BlackElo "2460"]
[PlyCount "55"]
[EventDate "2009.08.09"]
[EventType "swiss"]
[EventRounds "9"]
[EventCountry "SUI"]
[Source "lmi"]
[SourceDate "2009.08.09"]

1. d4 Nf6 2. c4 e6 3. Nc3 Bb4 4. e3 b6 5. Nge2 c5 6. a3 Ba5 7. Rb1 Na6 8. Qa4
Bb7 9. Bd2 Ne4 10. Nxe4 Bxe4 11. Rd1 Bc6 12. Qc2 Bxd2+ 13. Rxd2 Nc7 14. Nc3
cxd4 15. Rxd4 O-O 16. f3 f5 17. Qf2 e5 18. Rd2 Ne6 19. Be2 f4 20. O-O Qg5 21.
e4 Qe7 22. Rfd1 Nd4 23. b4 Rfc8 24. Bf1 Rc7 25. Ne2 Ne6 26. Nc3 Nd4 27. Ne2 Ne6
28. Nc3 1/2-1/2

[Event "Zurich Jubilee Open 2009"]
[Site "Zuerich SUI"]
[Date "2009.08.11"]
[Round "4.14"]
[White "Giri, Anish"]
[Black "Bauer, Christian"]
[Result "1/2-1/2"]
[WhiteElo "2518"]
[BlackElo "2602"]
[PlyCount "146"]
[EventDate "2009.08.09"]
[EventType "swiss"]
[EventRounds "9"]
[EventCountry "SUI"]
[Source "lmi"]
[SourceDate "2009.08.09"]

1. d4 Nf6 2. c4 e6 3. Nf3 c5 4. Nc3 cxd4 5. Nxd4 Nc6 6. a3 Bc5 7. Nb3 Be7 8. e4
b6 9. Be2 Ba6 10. O-O Rc8 11. Bf4 d6 12. f3 Ne5 13. Nb5 Bxb5 14. cxb5 Ng6 15.
Be3 d5 16. Nd4 Bc5 17. b4 Bxd4 18. Qxd4 e5 19. Qb2 d4 20. Bd2 d3 21. Bd1 Qd7
22. a4 O-O 23. g3 h5 24. Kg2 h4 25. Bb3 hxg3 26. hxg3 Nxe4 27. fxe4 Qg4 28. Kh2
Nh4 29. Qxe5 Nf3+ 30. Rxf3 Qxf3 31. Qf4 Qe2+ 32. Kg1 Rc2 33. Bxc2 dxc2 34. Re1
Qd1 35. Kf2 Rd8 36. Bc1 Qd4+ 37. Be3 Qxb4 38. Rc1 Qxa4 39. Qc7 Re8 40. Qc6 Qxe4
41. Qxe4 Rxe4 42. Rxc2 Rb4 43. Rc8+ Kh7 44. Rc7 f6 45. Rxa7 Rxb5 46. Bd4 Kg6
47. Ra6 Rd5 48. Be3 b5 49. Rb6 Rf5+ 50. Kg2 Rd5 51. Rb7 Kh7 52. Kf3 Rf5+ 53.
Kg4 Rd5 54. Kf4 Rg5 55. Rc7 Kg8 56. Rc5 Rxc5 57. Bxc5 Kf7 58. Ke4 Ke6 59. g4
Kf7 60. Bb4 Ke6 61. Kd4 Kf7 62. Bd2 Ke6 63. Ke4 Kf7 64. Kd5 Kg6 65. Ke4 Kf7 66.
Kf4 Ke6 67. Bc3 g6 68. Ke3 f5 69. g5 Kd5 70. Kd3 Kc5 71. Bd2 Kd5 72. Bc3 Kc5
73. Bd2 Kd5 1/2-1/2

[Event "Zurich Jubilee Open 2009"]
[Site "Zuerich SUI"]
[Date "2009.08.11"]
[Round "4.17"]
[White "Agopov, Mikael"]
[Black "Hou, Yifan"]
[Result "1-0"]
[WhiteElo "2442"]
[BlackElo "2584"]
[PlyCount "99"]
[EventDate "2009.08.09"]
[EventType "swiss"]
[EventRounds "9"]
[EventCountry "SUI"]
[Source "lmi"]
[SourceDate "2009.08.09"]

1. Nf3 Nf6 2. d4 e6 3. c4 Bb4+ 4. Bd2 c5 5. Bxb4 cxb4 6. g3 O-O 7. Bg2 d6 8.
O-O Nc6 9. a3 Qb6 10. Qb3 e5 11. dxe5 dxe5 12. axb4 e4 13. c5 Qc7 14. Ng5 Qe5
15. f4 exf3 16. Nxf3 Qxe2 17. Re1 Qb5 18. Ra4 Nd8 19. Nd4 Qd7 20. b5 Qc7 21.
Qa3 a6 22. b6 Qb8 23. b4 Ne6 24. Nxe6 Bxe6 25. b5 Bd7 26. Nc3 Re8 27. Rf1 h5
28. bxa6 Qe5 29. c6 Qe3+ 30. Kh1 Bxc6 31. Bxc6 bxc6 32. b7 Qd3 33. Qa1 Ra7 34.
Qb1 Qd6 35. Rb4 Nd7 36. Qf5 Rf8 37. Rbb1 Nb8 38. Ne4 Qd4 39. Nc5 Qd6 40. Rfd1
Qc7 41. Nd7 Re8 42. Nxb8 Qxb8 43. Rd7 Rf8 44. Rf1 g6 45. Qf6 Qe8 46. Re7 Qd8
47. Rxf7 Qd5+ 48. Kg1 Qc5+ 49. Rf2 Qc1+ 50. Kg2 1-0

[Event "Zurich Jubilee Open 2009"]
[Site "Zuerich SUI"]
[Date "2009.08.11"]
[Round "4.18"]
[White "Pelletier, Yannick"]
[Black "Nueesch, Gerard"]
[Result "1-0"]
[WhiteElo "2574"]
[BlackElo "2319"]
[PlyCount "71"]
[EventDate "2009.08.09"]
[EventType "swiss"]
[EventRounds "9"]
[EventCountry "SUI"]
[Source "lmi"]
[SourceDate "2009.08.09"]

1. d4 Nf6 2. Nf3 c5 3. d5 e6 4. c4 exd5 5. cxd5 d6 6. e4 a6 7. Bd3 Bg4 8. b3
Nbd7 9. Bb2 Ne5 10. Be2 Ng6 11. Nbd2 Be7 12. O-O O-O 13. a4 b6 14. Ne1 Bxe2 15.
Qxe2 Nd7 16. Nc4 b5 17. Ne3 Bf6 18. Nf5 Nf4 19. Qd2 c4 20. bxc4 bxc4 21. Bxf6
Qxf6 22. Rc1 Qg5 23. Kh1 Nc5 24. Rxc4 Nfe6 25. Qxg5 Nxg5 26. f3 f6 27. Nxd6 Nb3
28. Rb4 Rab8 29. Nd3 Nd2 30. Rc1 h5 31. h4 Nf7 32. Nxf7 Kxf7 33. Rc7+ Kg6 34.
d6 a5 35. Rxb8 Rxb8 36. d7 1-0

[Event "Zurich Jubilee Open 2009"]
[Site "Zuerich SUI"]
[Date "2009.08.11"]
[Round "4.19"]
[White "Heimann, Andreas"]
[Black "Jussupow, Artur"]
[Result "1-0"]
[WhiteElo "2435"]
[BlackElo "2570"]
[PlyCount "101"]
[EventDate "2009.08.09"]
[EventType "swiss"]
[EventRounds "9"]
[EventCountry "SUI"]
[Source "lmi"]
[SourceDate "2009.08.09"]

1. e4 e5 2. Nf3 Nc6 3. Bc4 Bc5 4. c3 Nf6 5. d3 a6 6. Nbd2 O-O 7. h3 Ba7 8. Bb3
h6 9. Nf1 d5 10. exd5 Nxd5 11. Ng3 Nf4 12. Bxf4 exf4 13. Ne2 Bf5 14. d4 Re8 15.
O-O g5 16. Bc2 Qf6 17. Qd2 Rad8 18. Rae1 Ne7 19. Bxf5 Nxf5 20. Nc1 c5 21. Rxe8+
Rxe8 22. dxc5 Rd8 23. Qc2 Bxc5 24. Rd1 Rxd1+ 25. Qxd1 Qe6 26. Qe2 Ng3 27. Qxe6
fxe6 28. Nd3 Ba7 29. Nd4 Bxd4 30. cxd4 Ne2+ 31. Kf1 Nxd4 32. Nc5 b6 33. Nxa6
Kf7 34. Ke1 h5 35. Kd2 h4 36. f3 Nf5 37. Nb4 Ne3 38. Nc2 Nd5 39. Kd3 e5 40. a4
Ke6 41. b4 Nc7 42. Na3 Kd5 43. Nb1 e4+ 44. fxe4+ Ke5 45. Nd2 b5 46. Nf3+ Kf6
47. axb5 Nxb5 48. Kc4 Nd6+ 49. Kd5 Nb5 50. e5+ Kg6 51. Kc6 1-0